[Event "19th North Sea Cup"]
[Site "Esbjerg DEN"]
[Date "2004.07.09"]
[Round "8"]
[White "Sedlak,N"]
[Black "Schandorff,L"]
[Result "1/2-1/2"]
[WhiteElo "2519"]
[BlackElo "2496"]

1.e4 c5 2.Nf3 Nc6 3.Nc3 e5 4.Bc4 Be7 5.d3 d6 6.O-O Nf6 7.Bd2 O-O 8.Nd5 Nxd5
9.Bxd5 Be6 10.a3 Bxd5 11.exd5 Nd4  1/2-1/2

[Event "Open A"]
[Site "Klatovy CZE"]
[Date "2004.07.09"]
[Round "7"]
[White "Sodoma,J"]
[Black "Folk,P"]
[Result "1/2-1/2"]
[WhiteElo "2203"]
[BlackElo "2245"]

1.e4 c5 2.Nc3 Nc6 3.Bb5 Nd4 4.Bc4 e6 5.Nf3 Ne7 6.Nxd4 cxd4 7.Nb5 Nc6 8.c3 dxc3
9.dxc3 d6 10.O-O a6 11.Nd4 Be7 12.a4 O-O 13.Be3 Bd7 14.Qd2 Qc7 15.f3 Na5
16.Ba2 Rac8 17.Qc2 Nc4 18.Bxc4 Qxc4 19.Rfc1 Bf6 20.b3 Qc7 21.Qd3 d5 22.exd5 exd5
23.g3 Rfe8 24.Bf2 g6 25.Ra2 Re7 26.Re2 Rxe2 27.Qxe2 h5 28.Qd2 Re8 29.h4 Rc8
30.Qd3 Re8  1/2-1/2

[Event "Open"]
[Site "Olomouc CZE"]
[Date "2004.07.09"]
[Round "5"]
[White "Kuzmina,O"]
[Black "Furman,B"]
[Result "1/2-1/2"]
[WhiteElo "2240"]
[BlackElo "2328"]

1.e4 c5 2.Nf3 Nc6 3.Nc3 d6 4.d4 cxd4 5.Nxd4 Nf6 6.Nb3 e5 7.Be2 Be7 8.O-O O-O
9.Kh1 a5 10.a4 Nb4 11.f4 Be6 12.Be3 Rc8 13.Bf3 Qc7 14.Rc1 Bc4 15.Rf2 Rfd8
16.Rd2 b6 17.Qg1 Rb8 18.Be2 Bxe2 19.Rxe2 Ng4 20.Nb5 Qc6 21.Bd2 Na2 22.Ra1 Qxc2
23.h3 Qxb3 24.hxg4 Nb4 25.Bc3 exf4 26.Qf2 Qc4 27.Bxb4 axb4 28.Rc2 Qd3 29.Nd4 Bh4
30.Rd2 Bxf2 31.Rxd3 Rbc8 32.Rad1 Re8 33.Nf5 Bc5 34.Nxd6 Bxd6 35.Rxd6 Rxe4
36.Rxb6 g6 37.a5 Ra8 38.Ra1 Ra7 39.Kg1 Re5 40.a6 Re6  1/2-1/2

[Event "Open"]
[Site "Olomouc CZE"]
[Date "2004.07.09"]
[Round "6"]
[White "Neelotpal,D"]
[Black "Skalski,M"]
[Result "1-0"]
[WhiteElo "2448"]
[BlackElo "2309"]

1.e4 c5 2.Nf3 Nc6 3.Nc3 g6 4.d4 cxd4 5.Nxd4 Bg7 6.Be3 Nf6 7.Bc4 O-O 8.Bb3 d6
9.f3 Bd7 10.Qd2 Nxd4 11.Bxd4 b5 12.a3 a5 13.O-O Bc6 14.Nd5 Bxd5 15.exd5 Nd7
16.Bxg7 Kxg7 17.c3 Qb6+ 18.Kh1 Ra7 19.Rae1 Nf6 20.f4 Rc8 21.f5 Qd8 22.g4 Rac7
23.g5 Nd7 24.Qf4 Qf8 25.Rxe7 Ne5 26.Rxe5 dxe5 27.Qxe5+ Kg8 28.fxg6 hxg6 29.d6 Rd7
30.Rf6 Qg7 31.Qxb5 Rcd8 32.Qd5 Re8 33.Qd2 Qh7 34.Ba4 Qh4 35.Bxd7 Re1+ 36.Kg2 Qe4+
37.Kf2 Qh4+ 38.Kf3 Qe4+ 39.Kg3 Re2 40.Bc6 Qe5+ 41.Qf4 Qc5 42.d7 Qg1+ 43.Kh3 Re3+
44.Bf3 Qf1+ 45.Kh4 Qe1+ 46.Qg3 Qd2 47.Rd6  1-0

[Event "ch-BEL"]
[Site "Westerlo BEL"]
[Date "2004.07.09"]
[Round "7"]
[White "Marechal,A"]
[Black "Mohandesi,S"]
[Result "1/2-1/2"]
[WhiteElo "2236"]
[BlackElo "2312"]

1.e4 c5 2.Nc3 Nc6 3.Bb5 g6 4.Bxc6 dxc6 5.d3 Bg7 6.Nge2 b6 7.Be3 Nf6 8.f3 e5
9.Qd2 Be6 10.a3 Qe7 11.O-O O-O 12.Bh6 c4 13.Bxg7 Kxg7 14.d4 Rfd8 15.Qe3 Qc7
16.Rad1 Nd7 17.f4 f6 18.fxe5 fxe5 19.Qg5 Nf8 20.dxe5 Rxd1 21.Rxd1 Re8 22.Nf4 Qe7
23.Qxe7+ Rxe7 24.Rd6 Bd7 25.e6 Be8 26.Kf2 g5 27.Nfe2 Rxe6 28.Rxe6 Nxe6 29.Ke3 Kf6
30.Ng1 g4 31.h3 h5 32.hxg4 hxg4 33.Nge2 Ke5 34.Nd1 Bd7 35.Nf2 Nc5 36.g3 Na4
37.b3 cxb3 38.Nd3+ Kd6 39.cxb3 Nc5 40.e5+ Ke7 41.Nxc5 bxc5 42.Nf4 Bf5 43.Kd2 Be4
44.Kc3 Bd5 45.b4 cxb4+ 46.Kxb4 Kd7 47.Kc5 Bb3 48.Kb4 Ba2 49.a4 Bb1 50.a5 Be4
51.Kc5 Ke7 52.Kd4 Bc2 53.Kc3 Be4 54.Kc4 Bf5 55.Kc5 Be4 56.Kb4 Bc2 57.Ne2 Be4
58.Nd4 Kd7 59.Kc5 Bf3 60.e6+ Ke7 61.a6 Be4 62.Nxc6+ Bxc6 63.Kxc6 Kxe6  1/2-1/2

[Event "Glassy Stream Open"]
[Site "Kharkov UKR"]
[Date "2004.07.10"]
[Round "3"]
[White "Onoprienko,V"]
[Black "Odnorozhenko,E"]
[Result "1-0"]
[WhiteElo "2374"]
[BlackElo "2198"]

1.e4 c5 2.Nc3 Nc6 3.Bb5 Nd4 4.Bc4 e6 5.Nge2 Nxe2 6.Qxe2 d6 7.O-O Nf6 8.f4 a6
9.a4 Be7 10.Qf3 O-O 11.d3 Rb8 12.Be3 b6 13.f5 exf5 14.exf5 Bb7 15.Bd5 Nxd5
16.Nxd5 Bf6 17.Nxf6+ Qxf6 18.Qg3 Rfe8 19.c3 h6 20.Rae1 Re7 21.h4 Re5 22.Bf4 Rxf5
23.Bxd6 Rc8 24.Rxf5 Qxf5 25.Re7 Bc6 26.a5 b5 27.Re5 Qg6 28.Qxg6 fxg6 29.Re7 Bd5
30.Re5 Bf7 31.Bxc5 Re8 32.Rxe8+ Bxe8 33.Kf2 Kf7 34.Ke3 Ke6 35.Bf8 Bc6 36.Bxg7 Bxg2
37.Bxh6 Kd5 38.b3 Bf1 39.c4+ Kc6 40.Kd4 Be2 41.Kc3 Bf1 42.d4 Kd6 43.Kb4 bxc4
44.bxc4 Be2 45.Bf8+ Ke6 46.Kc5 Bd3 47.d5+ Kf5 48.Kd4 Be2 49.c5 g5 50.c6 Bb5
51.hxg5 Kxg5 52.Kc5 Kf6 53.d6  1-0

[Event "Open"]
[Site "Olomouc CZE"]
[Date "2004.07.10"]
[Round "7"]
[White "Zaitsev,Va"]
[Black "Rivero Ojeda,C"]
[Result "1/2-1/2"]
[WhiteElo "2378"]
[BlackElo "2244"]

1.e4 c5 2.Nf3 Nc6 3.Nc3 g6 4.d4 cxd4 5.Nxd4 Bg7 6.Nb3 Nf6 7.Be2 O-O 8.O-O a5
9.a4 Nb4 10.Bg5 d6 11.Kh1 Ne8 12.Qd2 Nc7 13.Rac1 Bd7 14.Bh6 Ne6 15.Bxg7 Nxg7
16.f4 Qc8 17.Nd4 d5 18.Nxd5 Nxd5 19.exd5 Bxa4 20.Ra1 Bd7 21.Rxa5 Qc7 22.Rxa8 Rxa8
23.c4 e6 24.Qb4 exd5 25.cxd5 Ra4 26.Qc3 Qb6 27.Bc4 Ne8 28.b3 Ra8 29.f5 Nd6
30.fxg6 hxg6 31.Nf3 Qc7 32.Ng5 Bf5 33.Qg3 Qe7 34.Qh4 Qe5 35.Nf3 Qg7 36.Qe7 Qf8
37.Qxf8+ Kxf8 38.h3 Ra2 39.Rc1 Be4 40.Bf1 Bxd5 41.Rd1 Bxf3 42.Rxd6 Bc6 43.Rf6 Ke7
44.Rf4 Rb2 45.h4 f5 46.h5 Rxb3 47.Kh2 Kf6 48.hxg6 Kxg6 49.g4 fxg4 50.Rxg4+ Kf5
51.Rc4 Ke5 52.Kg1 Rb1 53.Rc2 Be4 54.Rd2 b5 55.Kf2 b4 56.Bd3 Rh1 57.Re2 Rh2+
58.Ke1 Rxe2+ 59.Kxe2 Bc6 60.Kd2  1/2-1/2

[Event "Open"]
[Site "Olomouc CZE"]
[Date "2004.07.11"]
[Round "8"]
[White "Ramesh,R"]
[Black "Womacka,M"]
[Result "1-0"]
[WhiteElo "2484"]
[BlackElo "2447"]

1.e4 c5 2.Nc3 Nc6 3.Bb5 Nd4 4.Bc4 e6 5.Nf3 Ne7 6.Nxd4 cxd4 7.Ne2 Nc6 8.O-O g6
9.d3 Bg7 10.Bf4 d6 11.Qd2 O-O 12.Bh6 Bd7 13.Bxg7 Kxg7 14.f4 f5 15.exf5 exf5
16.Kh1 Re8 17.b4 Qe7 18.Rae1 d5 19.Bb5 Qf6 20.Bxc6 Bxc6 21.Ng1 Ba4 22.Nf3 Rxe1
23.Rxe1 Rc8 24.Rc1 Qb6 25.a3 Rc3 26.Qe2 Qf6 27.Qf2 Rxa3 28.Nxd4 Ra2 29.Re1 Bd7
30.h3 Rb2 31.b5 a5 32.bxa6 bxa6 33.Re5 Rb1+ 34.Kh2 Rb6 35.Rxd5 Rd6 36.Re5 a5
37.c4 a4 38.c5 Ra6 39.c6 Bc8 40.Qe2 Qd6 41.Nb5 Qxc6 42.Re7+ Kh6 43.Na7 Qd6
44.Nxc8 Qxf4+ 45.g3 Qc1 46.Rf7 Qxc8 47.h4 g5 48.hxg5+ Kg6 49.Qe7 Re6 50.Rg7+ Kh5
51.Rxh7+ Kg4 52.Qb4+ Kf3 53.Qf4+ Ke2 54.Rc7 Qh8+ 55.Kg1 Kxd3 56.Qf1+ Kd2
57.Rd7+  1-0

[Event "ITT Copa CMSalud"]
[Site "Vicente Lopez ARG"]
[Date "2004.07.11"]
[Round "3"]
[White "Granara Barreto,S"]
[Black "Della Morte,P"]
[Result "0-1"]
[WhiteElo "2258"]
[BlackElo "2302"]

1.e4 c5 2.Nc3 Nc6 3.Nf3 d6 4.Bc4 Nf6 5.d4 cxd4 6.Nxd4 Qb6 7.Nxc6 bxc6 8.O-O g6
9.Be3 Qxb2 10.Bd4 e5 11.Qf3 Be7 12.Nb5 Qb4 13.Nc7+ Kf8 14.Nxa8 Qxc4 15.Be3 Kg7
16.Nc7 Bg4 17.Qg3 Rc8 18.Bg5 Bd7 19.Qh4 Rxc7 20.Qh6+ Kg8 21.Qh4 Qe6 22.h3 d5
23.f4 Bc5+ 24.Kh1 Nxe4 25.fxe5 Bd4 26.Rab1 Bxe5 27.Rb8+ Rc8 28.Rxc8+ Bxc8
29.Rf3 Bc7 30.Be3 Qe5 31.Bf4 Qa1+ 32.Kh2 g5  0-1

[Event "ITT Copa CMSalud"]
[Site "Vicente Lopez ARG"]
[Date "2004.07.12"]
[Round "4"]
[White "Larrea,M"]
[Black "Scarella,E"]
[Result "0-1"]
[WhiteElo "2224"]
[BlackElo "2348"]

1.e4 c5 2.Nc3 Nc6 3.Bb5 Nd4 4.Bc4 e6 5.Nf3 Ne7 6.Nxd4 cxd4 7.Ne2 Nc6 8.c3 Bc5
9.b4 Bb6 10.Bb2 d5 11.exd5 exd5 12.Bb5 O-O 13.O-O Bg4 14.Bxc6 d3 15.Bb5 Bxe2
16.Qb1 Qg5 17.Bxd3 Bxf1 18.Qxf1 Qxd2 19.Qe2 Qxe2 20.Bxe2 a5 21.a4 Rac8 22.Bd3 d4
23.cxd4 Rfd8 24.bxa5 Bxd4 25.Bxd4 Rxd4 26.Bb5 Rcd8 27.Be2 Ra8 28.Rb1 Rxa4
29.Rxb7 Ra1+ 30.Bf1 g6 31.g3 R8xa5 32.Kg2 Ra7 33.Rb4 R1a2 34.h4 R7a5 35.Rf4 Rc5
36.Bc4 Ra7 37.Bb3 Kg7 38.Bd1 Rd5 39.Bb3 Rd6 40.Rb4 Rf6 41.Bd5 Rd7 42.Ba8 Rd2
43.Bf3 h6 44.Rg4 Rf5 45.Rb4 Ra5 46.Bc6 Rc5 47.Ba8 Rc8 48.Be4 Rcd8 49.Bb1 R8d6
50.Be4 R6d4 51.Rxd4 Rxd4 52.Bb7 Kf6 53.f4 Rd3 54.Be4 Re3 55.Bd5 Ke7 56.Kh3 Re2
57.Kg4 Rf2 58.Kh3 f5 59.Bc4 Rd2 60.Bg8 Rd8 61.Bc4 Rc8 62.Bd5 Rc5 63.Bg8 Rc2
64.Bd5 Kf6 65.Bg8 g5 66.hxg5+ hxg5 67.fxg5+ Kxg5 68.Be6 Rc3 69.Bd5 f4 70.Kg2 fxg3
71.Bb7 Kf4 72.Bd5 Rc2+ 73.Kg1 Ke3 74.Bb7 Kf4 75.Bd5 Rd2 76.Bb7 Kg4 77.Bc8+ Kh4
78.Bb7 Rc2 79.Bd5 Rc5 80.Be6 Re5 81.Bd7 Re2 82.Bb5 Rh2 83.Bd7 Kg5 84.Be6 Kf4
85.Bd5 Ke3 86.Bc6 Rc2 87.Bd5 Kf4 88.Bb7 g2 89.Kh2 Kg4 90.Bd5 Rf2 91.Be6+ Kf4
92.Bd5 g1=Q+ 93.Kxg1 Kg3 94.Bg8 Rf8 95.Bh7 Rh8 96.Bg6 Rh6 97.Bf7 Rc6  0-1

[Event "15th Open"]
[Site "Ljubjana SLO"]
[Date "2004.07.13"]
[Round "6"]
[White "Biti,O"]
[Black "Srebrnic,M"]
[Result "1/2-1/2"]
[WhiteElo "2352"]
[BlackElo "2221"]

1.e4 c5 2.Nc3 Nc6 3.Bb5 g6 4.Bxc6 dxc6 5.d3 e5 6.f4 Bg7 7.fxe5 Qh4+ 8.g3 Qe7
9.Nf3 Bg4 10.O-O Bxe5 11.Qe1 Bxf3 12.Rxf3 O-O-O 13.Bf4 Bd4+ 14.Kg2 h5 15.Ne2 f6
16.Nxd4 cxd4 17.Qa5 b6 18.Qa6+ Qb7 19.Qc4 Rh7 20.Raf1 Qd7 21.h4 Kb7 22.Bd2 Re7
23.a4 Qe6 24.Qb4 a5 25.Qa3 c5 26.c3 Red7 27.c4 Rf7 28.Qb3 Ka7 29.Qb5 Rc8
30.Bg5 Rcc7 31.Bf4 Rc8 32.Bg5 Rcc7 33.Bf4 Rc8 34.Bg5  1/2-1/2

[Event "Aegean Open"]
[Site "Agios Kirykos GRE"]
[Date "2004.07.16"]
[Round "5"]
[White "Shavtvaladze,N"]
[Black "Valden,P"]
[Result "1-0"]
[WhiteElo "2439"]
[BlackElo "2192"]

1.e4 c5 2.Nc3 Nc6 3.Bb5 g6 4.Bxc6 bxc6 5.d3 Bg7 6.f4 d6 7.Nf3 Nh6 8.O-O O-O
9.Kh1 f6 10.f5 gxf5 11.Bxh6 Bxh6 12.exf5 Bxf5 13.d4 cxd4 14.Nxd4 Bd7 15.Qe2 Qe8
16.Ne6 Bxe6 17.Qxe6+ Qf7 18.Qd7 Qe8 19.Qe6+ Rf7 20.Rad1 Qc8 21.Qe2 d5 22.Rd3 e6
23.Qh5 Bg7 24.Rh3 h6 25.Ne2 Qb8 26.Qg6 Qxb2 27.Rxh6 Qe5 28.Qh7+ Kf8 29.Nf4 Qe4
30.Ng6+ Ke8 31.Qg8+ Bf8 32.Rh8 Qe2 33.Rg1 Qg4 34.Rb1 Rc8 35.h3 Qg3 36.Rb7 Qe1+
37.Kh2 Rcc7 38.Rb8+ Kd7 39.Qxf7+  1-0

[Event "Aegean Open"]
[Site "Agios Kirykos GRE"]
[Date "2004.07.16"]
[Round "5"]
[White "Frhat,A"]
[Black "Zakarian,D"]
[Result "1/2-1/2"]
[WhiteElo "2310"]
[BlackElo "2328"]

1.e4 c5 2.Nf3 Nc6 3.Nc3 d6 4.d4 cxd4 5.Nxd4 e5 6.Nb3 Be7 7.Be2 Nf6 8.O-O O-O
9.f4 a5 10.a4 Be6 11.Kh1 Rc8 12.f5 Bxb3 13.cxb3 Ne8 14.Be3 Bg5 15.Bg1 Nd4
16.Bc4 Nf6 17.Bxd4 exd4 18.Qxd4 Ng4 19.Nd5 Re8 20.h3 Nf6 21.Nc3 Nh5 22.Rf3 Bf4
23.Qd5 Qc7 24.Qd3 Be5 25.Rd1 Qe7 26.Nd5 Qh4 27.g4 Nf6 28.Rg1 h6 29.Nxf6+ Qxf6
30.Rg2 Bxb2 31.Qd5 Re7 32.Qxa5 Rxe4 33.Qd5 Re1+ 34.Rg1 Rce8 35.Qxb7 R1e7
36.Qd5 Bd4 37.Rgf1 Bc5 38.Qd2 Re4 39.a5 Rd4 40.Qg2 d5 41.Bb5 Rb8 42.Ba4 Ra8
43.Rc3 Bb4 44.Rc6 Qe5 45.Rc2 Bxa5 46.f6 g6 47.Re2 Re4 48.Rxe4 dxe4 49.Bc6  1/2-1/2

[Event "ch-Montenegro"]
[Site "Bijelo Polje SCG"]
[Date "2004.07.16"]
[Round "1"]
[White "Kontic,D"]
[Black "Djukic,Ni"]
[Result "0-1"]
[WhiteElo "2303"]
[BlackElo "2450"]

1.e4 c5 2.Nc3 Nc6 3.Nge2 d6 4.d4 cxd4 5.Nxd4 Nf6 6.Bc4 e6 7.Be3 Be7 8.Qe2 a6
9.O-O-O Qc7 10.Bb3 O-O 11.g4 Nxd4 12.Rxd4 Nd7 13.a3 Nc5 14.Ba2 Bf6 15.g5 Bxd4
16.Bxd4 b5 17.Rg1 e5 18.Nd5 Qd8 19.Bc3 Be6 20.f4 Na4 21.Bd2 exf4 22.Qf2 Kh8
23.Bxf4 Rc8 24.Be3 Nc5 25.Kb1 Nxe4 26.Qh4 Bf5 27.Bd4 Nd2+ 28.Ka1 Nf3 29.Qf4 Nxd4
30.Qxd4 Bxc2 31.h4 Qe8 32.h5 Qe5 33.Qh4 Be4 34.Ne3 Rc3 35.Qf2 Rxa3 36.Ng4 Rxa2+
37.Kxa2 Qd5+ 38.b3 b4 39.Kb2 Rc8 40.Re1 Qxg5 41.Qd4 Rc2+ 42.Kb1 Rc1+  0-1

[Event "VII Magistral"]
[Site "Vicente Lopez ARG"]
[Date "2004.07.16"]
[Round "8"]
[White "Cubas,Jo"]
[Black "Rodriguez,And URU"]
[Result "0-1"]
[WhiteElo "2384"]
[BlackElo "2567"]

1.e4 c5 2.Nf3 Nc6 3.Nc3 g6 4.d4 cxd4 5.Nxd4 Bg7 6.Nb3 Nf6 7.Be2 O-O 8.O-O a5
9.a4 d6 10.Be3 Be6 11.f4 Qc8 12.Kh1 Nb4 13.Nd4 Rd8 14.Bd3 Bg4 15.Qe1 e5 16.Ndb5 Nh5
17.f5 d5 18.Nxd5 Nxd5 19.exd5 gxf5 20.Bb6 e4 21.Bxd8 Qxd8 22.Be2 Qg5 23.Bxg4 Qxg4
24.Nd6 Nf4 25.Qg3 Qxg3 26.hxg3 Nxd5 27.Nxf5 Bxb2 28.Rab1 Bc3 29.Rxb7 e3 30.Ne7+ Kg7
31.Nxd5 e2 32.Rfb1 e1=Q+ 33.Rxe1 Bxe1 34.c4 Rc8 35.Rb1  0-1

[Event "Glassy Stream Open"]
[Site "Kharkov UKR"]
[Date "2004.07.17"]
[Round "9"]
[White "Zubarev,Al1"]
[Black "Gasanov,E"]
[Result "1-0"]
[WhiteElo "2473"]
[BlackElo "2448"]

1.e4 c5 2.Nc3 Nc6 3.Nge2 Nf6 4.d4 cxd4 5.Nxd4 d6 6.Bg5 Qb6 7.Nb3 e6 8.Qd2 Be7
9.O-O-O O-O 10.f3 a6 11.Be3 Qc7 12.g4 b5 13.g5 Nd7 14.Qf2 Nce5 15.Kb1 b4
16.Ne2 a5 17.Ned4 a4 18.Nc1 Bb7 19.Nb5 Qb8 20.Be2 Ba6 21.Nd4 Nc5 22.h4 Qb7
23.h5 b3 24.cxb3 axb3 25.a3 Nc4 26.Bxc4 Bxc4 27.Nde2 Nxe4 28.Qh4 Qa6 29.Qxe4 d5
30.Qe5 Bd6 31.Qc3 Bxe2 32.h6 e5 33.Nxe2 Qxe2 34.Rxd5 Qxf3 35.Rhd1 Rfc8 36.Rxd6 Qb7
37.Qxe5 f6 38.Qe6+ Kh8 39.Rd7  1-0

[Event "ch-Montenegro"]
[Site "Bijelo Polje SCG"]
[Date "2004.07.18"]
[Round "3"]
[White "Rmus,A"]
[Black "Djukic,Ni"]
[Result "1-0"]
[WhiteElo "2310"]
[BlackElo "2450"]

1.e4 c5 2.Nf3 Nc6 3.Nc3 d6 4.d4 cxd4 5.Nxd4 Nf6 6.Bg5 e6 7.Qd2 a6 8.O-O-O h6
9.Bf4 Bd7 10.Nxc6 Bxc6 11.f3 d5 12.Qe1 Bb4 13.Bd2 Qe7 14.e5 Nd7 15.f4 O-O-O
16.Kb1 Bc5 17.Be3 Kb8 18.Bd4 g6 19.Qe3 h5 20.h4 Rc8 21.Bd3 Bxd4 22.Qxd4 Rc7
23.Rh3 Rhc8 24.a3 Nc5 25.Rg1 Ka8 26.Qb4 Na4 27.Ne2 Nc5 28.Nd4 Ka7 29.g4 hxg4
30.Rxg4 Be8 31.Rg5 Qd8 32.h5 gxh5 33.Rgxh5 f6 34.Rh6 fxe5 35.fxe5 Bf7 36.Qa5 Kb8
37.Rf6 Qg8 38.Qe1 Qg4 39.Qe3 Bg8 40.Rf1 Rg7 41.Rhf3 Bh7 42.Bxh7 Rxh7 43.Rf8 Rh8
44.Nc6+ bxc6 45.Rxh8 Rxh8 46.Qxc5 Qc4 47.Qxc4 dxc4 48.Rf6 Re8 49.Kc1 Kc7
50.Kd2 Kb6 51.Kc3 Kc5 52.Rf4 Kd5 53.Rxc4 c5 54.Ra4 Rh8 55.b4 Rh3+ 56.Kb2 cxb4
57.axb4 Kxe5 58.Rxa6 Kd5 59.c3 e5 60.Kb3 e4 61.Ra8 e3 62.Re8 Rg3 63.Kc2 Rh3
64.Kb3 Rg3 65.Kc2 Rh3 66.Kd3 e2+ 67.Kd2 Kc4 68.Rc8+ Kb3 69.Kxe2  1-0

[Event "ch-Montenegro"]
[Site "Bijelo Polje SCG"]
[Date "2004.07.18"]
[Round "3"]
[White "Kontic,D"]
[Black "Rabrenovic,M"]
[Result "1/2-1/2"]
[WhiteElo "2303"]
[BlackElo "2300"]

1.e4 c5 2.Nc3 Nc6 3.Nge2 d6 4.h3 e5 5.Nd5 Nf6 6.Nxf6+ Qxf6 7.Nc3 Qg6 8.g3 Be7
9.Bg2 h5 10.Nd5 Bd8 11.d3 Ne7 12.Ne3 Bd7 13.a4 Bc6 14.O-O Bc7 15.a5  1/2-1/2

[Event "MTO"]
[Site "Biel SUI"]
[Date "2004.07.19"]
[Round "1"]
[White "Ciric,Dr"]
[Black "Eljanov,P"]
[Result "0-1"]
[WhiteElo "2159"]
[BlackElo "2613"]

1.e4 c5 2.Nf3 Nc6 3.Nc3 Nf6 4.Bb5 Qc7 5.O-O Nd4 6.Bc4 e6 7.h3 a6 8.a4 b6
9.d3 Bb7 10.Nxd4 cxd4 11.Ne2 Nxe4 12.Nxd4 Nf6 13.Qe2 Bc5 14.Be3 O-O 15.f4 Bd5
16.c3 Rfc8 17.Nc2 Bxc4 18.dxc4 Bf8 19.b3 d5 20.Bd4 dxc4 21.b4 Nd5 22.f5 Re8
23.Qf3 e5 24.Qxd5 Rad8 25.Qf3 exd4 26.cxd4 Qd7 27.Qc3 Qd5 28.Rf2 Re4 29.Rd1 b5
30.axb5 axb5 31.Qf3 Rde8 32.Rdd2 Qa8 33.d5 Bd6 34.g3 h5 35.Qxh5 Bxg3 36.Rf1 Qa7+
37.Kh1 Rh4 38.Qg5 Rxh3+ 39.Kg2 f6 40.Qg6 Rh2+ 41.Kxg3 Qb8+  0-1

[Event "Specsavers YM"]
[Site "Millfield School ENG"]
[Date "2004.07.20"]
[Round "2"]
[White "Jones,G"]
[Black "Jasny,S"]
[Result "1/2-1/2"]
[WhiteElo "2453"]
[BlackElo "2311"]

1.e4 c5 2.Nc3 Nc6 3.Bb5 g6 4.Bxc6 dxc6 5.f4 Nf6 6.Nf3 Bg7 7.d3 Qc7 8.O-O Bg4
9.Qe1 Bxf3 10.Rxf3 b6 11.a4 a5 12.Qh4 O-O-O 13.f5 Nh5 14.Be3 Be5 15.Rb1 Nf6
16.Ne2 Rhg8 17.h3 Rg7 18.Kh1 g5 19.Bxg5 Rdg8 20.Bxf6 Bxf6 21.Qf2 Rxg2 22.Qxg2 Rxg2
23.Kxg2 Qe5 24.b3 Bh4 25.c3 Qg7+ 26.Kh1 Bf6 27.Rc1 Qh6 28.Rc2 Bh4 29.d4 Qd6
30.Kg2 c4 31.bxc4 Qa3 32.Rf4 Qxa4 33.Rb2 Qa1 34.Rxb6 Kc7 35.c5 Qe1 36.Rb2 Qa1
37.Rb6 Qe1 38.Rb2 Qa1 39.Rb6  1/2-1/2

[Event "ch-CRC"]
[Site "San Jose CRC"]
[Date "2004.07.20"]
[Round "11"]
[White "Charpentier,W"]
[Black "Leandro,J"]
[Result "1/2-1/2"]
[WhiteElo "2223"]
[BlackElo "2133"]

1.e4 c5 2.Nf3 Nc6 3.Nc3 Nd4 4.Bc4 e6 5.d3 Ne7 6.Nxd4 cxd4 7.Nb5 Nc6 8.c3 dxc3
9.O-O cxb2 10.Bxb2 a6 11.Nd4 Qb6 12.Nb3 Na5 13.Rc1 Nxc4 14.Rxc4 d6 15.Qc2 Bd7
16.Rc1 e5 17.d4 f6 18.d5 Be7 19.Bc3 Qa7 20.Bd2 Bd8 21.Na5 O-O 22.Bb4 f5 23.Nb3 Rf6
24.Nd2 a5 25.Ba3 b5 26.Rc6 Bxc6 27.dxc6 Bb6 28.Rf1 b4 29.Bc1 f4 30.Qc4+ Kh8
31.Qd5 Rc8 32.Bb2 Qc7 33.Rc1 Bc5 34.Bxe5 dxe5 35.Rxc5 Rxc6 36.Rxc6 Qxc6 37.Qxe5 Qc1+
38.Nf1 Qc7 39.Qf5 Re8 40.Nd2 Qe5 41.Qf7 a4 42.h4 h6 43.h5 Rd8 44.Nf3 Qxe4
45.Nh4 Qe1+ 46.Kh2 Qxf2 47.Ng6+ Kh7 48.Nf8+ Rxf8 49.Qxf8 Qg3+ 50.Kh1 Qe1+
51.Kh2 Qe5 52.Qxb4 f3+ 53.g3 Qe2+ 54.Kh3 f2 55.Qb1+ Kg8 56.Qb8+ Kf7 57.Qc7+ Kf6
58.Qd8+ Kf5 59.Qd5+ Kf6  1/2-1/2

[Event "ACT Open"]
[Site "Amsterdam NED"]
[Date "2004.07.21"]
[Round "5"]
[White "Nijboer,F"]
[Black "Krasenkow,M"]
[Result "1-0"]
[WhiteElo "2568"]
[BlackElo "2632"]

1.e4 c5 2.Nf3 Nc6 3.Nc3 e5 4.Bc4 Be7 5.d3 d6 6.O-O Nf6 7.Ng5 O-O 8.f4 Bg4
9.Qe1 exf4 10.Bxf4 Nd4 11.Qd2 Qd7 12.Be3 h6 13.Nf3 Nxf3+ 14.gxf3 Bh3 15.Rf2 Kh7
16.Kh1 Nh5 17.f4 f5 18.Rg1 Bh4 19.Rf3 Bg4 20.Qg2 Bxf3 21.Qxf3 g6 22.Qg2 Qe8
23.Nb5 g5 24.Nc7 Qe7 25.Nxa8 fxe4 26.fxg5 hxg5 27.Qg4 Nf6 28.Qf5+ Kh8 29.Bxg5 Bxg5
30.Qxg5 e3 31.d4 b5 32.Bd3 Qb7+ 33.Rg2 c4 34.Be4 Qf7 35.Qxe3 Qh5 36.Bf3 Nd5
37.Qe6  1-0

[Event "IM"]
[Site "Balatonlelle HUN"]
[Date "2004.07.21"]
[Round "3"]
[White "Hardicsay,P"]
[Black "Banusz,T"]
[Result "1/2-1/2"]
[WhiteElo "2307"]
[BlackElo "2389"]

1.e4 c5 2.Nf3 Nc6 3.Nc3 e5 4.Bc4 Be7 5.d3 d6 6.Nd2 Nf6 7.Nf1 Bg4 8.f3 Be6
9.Ne3 O-O 10.O-O Nd7 11.Ned5 Kh8 12.a3 a6  1/2-1/2

[Event "ACT Open"]
[Site "Amsterdam NED"]
[Date "2004.07.22"]
[Round "6"]
[White "Smeets,J"]
[Black "Bensdorp,M"]
[Result "1-0"]
[WhiteElo "2545"]
[BlackElo "2238"]

1.e4 c5 2.Nf3 Nc6 3.Nc3 e5 4.Bc4 d6 5.d3 Be7 6.O-O Nf6 7.Ng5 O-O 8.f4 Bg4
9.Qe1 exf4 10.Bxf4 Nd4 11.Qd2 a6 12.h3 Bd7 13.a3 Ne6 14.Nxe6 Bxe6 15.Bxe6 fxe6
16.e5 dxe5 17.Bxe5 Bd6 18.Rae1 Bxe5 19.Rxe5 Qd4+ 20.Qe3 Qxe3+ 21.Rxe3 Rae8
22.Rfe1 Kf7 23.Ne4 Nxe4 24.Rxe4 Re7 25.Re5 Rc8 26.Kf2 Rc6 27.R1e4 Kf6 28.Ke3 Rd7
29.Rh5 h6 30.Rf4+ Ke7 31.Re5 Rd5 32.Ree4 Rc7 33.Kd2 Kd6 34.Rf8 Rf5 35.Rf4 Rxf4
36.Rxf4 Ke7 37.Kc3 Rd7 38.b4 cxb4+ 39.axb4 e5 40.Rf5 Ke6 41.Rf8 Kd5 42.h4 Re7
43.Rf5 Rc7+ 44.Kd2 Ke6 45.Rf8 Rd7 46.c3 Ke7 47.Rc8 Ke6 48.g4 Rf7 49.Rb8 Kd6
50.Ke3 Ke6 51.c4 Kd6 52.Rd8+ Ke7 53.Rg8 Kd6 54.Rd8+ Ke7 55.Rb8 Kd6 56.Rg8 Ke6
57.Re8+ Kd6 58.c5+ Kd5 59.Rd8+ Kc6 60.Rd6+ Kc7 61.Rg6 Kb8 62.Ke4 Rf4+ 63.Kxe5 Rxb4
64.Rxg7 a5 65.d4 a4 66.Rf7 a3 67.Rf3 Ra4 68.Rf1 a2 69.Ra1 Kc7 70.g5 hxg5
71.hxg5 Kd7 72.g6 Ke7 73.d5 Ra3 74.g7 Ra8 75.Rxa2  1-0

[Event "Specsavers YM"]
[Site "Millfield School ENG"]
[Date "2004.07.22"]
[Round "6"]
[White "Purton,B"]
[Black "Hanley,Ja"]
[Result "1-0"]
[WhiteElo "2106"]
[BlackElo "2062"]

1.Nc3 c5 2.e4 Nc6 3.Bb5 e6 4.f4 a6 5.Bxc6 bxc6 6.Nf3 d5 7.d3 g6 8.O-O Bg7
9.Na4 Nf6 10.e5 Nd7 11.Be3 Rb8 12.c4 d4 13.Bf2 O-O 14.Bh4 f6 15.Qe1 Qc7 16.exf6 Nxf6
17.Nxc5 Rxb2 18.Nxe6 Bxe6 19.Qxe6+ Kh8 20.Ne5 Re8 21.Qxc6 Qxc6 22.Nxc6 Ng4
23.Rae1 Rc8 24.Ne7 Rcb8 25.h3 Ne3 26.Rf2 R2b7 27.f5 Rb1 28.Re2 Rxe1+ 29.Rxe1 gxf5
30.c5 Bh6 31.c6  1-0

[Event "JunCh-USA"]
[Site "Lindsborg USA"]
[Date "2004.07.24"]
[Round "8"]
[White "Bhat,V"]
[Black "Fernandez,D"]
[Result "0-1"]
[WhiteElo "2431"]
[BlackElo "2317"]

1.e4 c5 2.Nc3 Nc6 3.Bb5 g6 4.Bxc6 dxc6 5.d3 Bg7 6.f4 c4 7.Nf3 cxd3 8.cxd3 Nf6
9.O-O O-O 10.h3 c5 11.Be3 b6 12.Qc2 Bb7 13.Rad1 Rc8 14.Qf2 Qc7 15.f5 c4 16.e5 Nd5
17.d4 gxf5 18.Bc1 Qc6 19.Nxd5 Qxd5 20.Qh4 f6 21.Bh6 Qf7 22.Rfe1 Kh8 23.e6 Qg6
24.Bd2 Rg8 25.g3 Bh6 26.Bxh6 Qxg3+ 27.Qxg3 Rxg3+ 28.Kh2 Rxf3 29.Rg1 Rf2+
30.Kg3 Rxb2 31.Kf4 Rf2+ 32.Ke3 Rg2 33.Rxg2 Bxg2 34.Rg1 Rg8 35.Kf4 Bxh3 36.Rc1 Rg4+
37.Ke3 Re4+ 38.Kf2 Rxd4 39.Bf8 Re4 40.Rd1 Kg8 41.Rd8 Rxe6  0-1

[Event "Politiken Cup"]
[Site "Copenhagen DEN"]
[Date "2004.07.25"]
[Round "2"]
[White "Hector,J"]
[Black "Aabling Thomsen,J"]
[Result "1-0"]
[WhiteElo "2515"]
[BlackElo "2139"]

1.e4 c5 2.Nf3 Nc6 3.Nc3 Nf6 4.e5 Ng4 5.Qe2 Qc7 6.Nb5 Qb8 7.d4 cxd4 8.Bf4 f6
9.Nbxd4 fxe5 10.Bg3 d6 11.Nxc6 bxc6 12.O-O-O Bf5 13.Ng5 e6 14.f3 Nf6 15.Bf2 Qc8
16.g4 Bg6 17.h4 Be7 18.h5 Nxh5 19.gxh5 Bxg5+ 20.Be3 Bxe3+ 21.Qxe3 Bf5 22.Rxd6 O-O
23.Qxe5 Rb8 24.Bc4 Qb7 25.Rhd1 Qe7 26.Rxc6 Qg5+ 27.f4 Qg2 28.Bxe6+ Kh8 29.h6 Rb7
30.Qxf5 Rxf5 31.Rd8+  1-0

[Event "Politiken Cup"]
[Site "Copenhagen DEN"]
[Date "2004.07.25"]
[Round "2"]
[White "Nielsen,St"]
[Black "Nilssen,J"]
[Result "1-0"]
[WhiteElo "2124"]
[BlackElo "2414"]

1.e4 c5 2.Nf3 Nc6 3.Nc3 g6 4.d4 cxd4 5.Nxd4 Bg7 6.Nb3 Nf6 7.Be2 O-O 8.O-O d6
9.Bg5 a5 10.a4 Be6 11.Qd2 Rc8 12.Rfd1 Nb4 13.Bf3 Nd7 14.Be2 Ne5 15.Nd4 Bc4
16.Ncb5 d5 17.c3 Nbc6 18.Bh6 Bxe2 19.Bxg7 Bxd1 20.Bxf8 Qxf8 21.Rxd1 dxe4
22.Qf4 Nd3 23.Qxe4 Nxb2 24.Rb1 Nxd4 25.Rxb2 Nxb5 26.Rxb5 Rxc3 27.g3 Rc7 28.Rxa5 Qc8
29.Ra7 h5 30.Kg2 Qd7 31.h4 e6 32.a5 Qc8 33.a6 bxa6 34.Ra8 Qxa8 35.Qxa8+ Kg7
36.Qxa6 Rc5 37.Qa1+ Kh7 38.Qd4 Rd5 39.Qe4 Kg7 40.Qf4 Rf5 41.Qd4+ Kh7 42.Qc3 Rd5
43.Qf6 Rf5 44.Qd4 Rd5 45.Qc3 Kg8 46.f3 Rf5 47.g4 Rd5 48.Kg3 Kf8 49.Qf6 Kg8
50.Kf4 Kf8 51.Ke4 Ke8 52.Qg7 Ke7 53.Qh7 Kf8 54.Qh8+ Ke7 55.Qc8 Rb5 56.Qc3 Rd5
57.Qh8 Rd8 58.Qg7 Rd5 59.Qh7 Kf8 60.Qh8+ Ke7 61.Qb8 hxg4 62.fxg4 f5+ 63.Ke3 fxg4
64.Qg8 Re5+ 65.Kf4 Rf5+ 66.Kxg4 Rf7 67.Qxg6 Kf8 68.Qxe6 Rg7+ 69.Kh3 Rf7 70.h5 Kg8
71.h6 Kf8 72.Qc8+  1-0

[Event "Politiken Cup"]
[Site "Copenhagen DEN"]
[Date "2004.07.25"]
[Round "2"]
[White "Skovgaard,P2"]
[Black "Gullaksen,E"]
[Result "1/2-1/2"]
[WhiteElo "2116"]
[BlackElo "2390"]

1.e4 c5 2.Nf3 Nc6 3.Nc3 Nf6 4.Bb5 Qc7 5.Bxc6 Qxc6 6.e5 Nd5 7.Ne2 e6 8.O-O Be7
9.d4 c4 10.Nf4 Nxf4 11.Bxf4 b6 12.Nd2 Bb7 13.f3 f5 14.exf6 gxf6 15.Qe2 c3
16.bxc3 Qxc3 17.Ne4 Qxd4+ 18.Kh1 Rc8 19.Rad1 Qc4 20.Qd2 d5 21.Bd6 h5 22.Bxe7 Kxe7
23.Qf4 dxe4 24.fxe4 Rhf8 25.Qd6+ Kf7 26.Qe5 Ke7 27.Qd6+ Kf7 28.Qe5 Kg8 29.Rxf6 Rxf6
30.Qxf6 Qxe4 31.Qg5+ Kh8 32.Qf6+ Kg8 33.Qg5+ Kf8 34.Qf6+ Kg8  1/2-1/2

[Event "7th Open"]
[Site "Korinthos GRE"]
[Date "2004.07.25"]
[Round "5"]
[White "Shavtvaladze,N"]
[Black "Lupulescu,C"]
[Result "1/2-1/2"]
[WhiteElo "2439"]
[BlackElo "2555"]

1.e4 c5 2.Nc3 Nc6 3.Nf3 d6 4.Bb5 Bd7 5.O-O Nf6 6.Re1 e6 7.d3 Be7 8.Bxc6 Bxc6
9.e5 Nd7 10.exd6 Bxd6 11.Ne4 Be7 12.b3 O-O 13.Bb2 h6 14.Qe2  1/2-1/2